| 000 | 00630nam a2200217 a 4500 | ||
|---|---|---|---|
| 005 | 20240228064139.0 | ||
| 008 | 140624s2003 mx r 000 0 spa d | ||
| 020 | _a8495040980 | ||
| 035 | _aUPN01000198270 | ||
| 049 | _aI | ||
| 050 | 4 |
_aPZ78 _bC6.26 2003 |
|
| 100 | 1 |
_aComella, María Angels, _d1957- _935808 |
|
| 245 | 1 | 1 |
_a¿Dónde está la reina ? / _cMa. Angels Comella. |
| 250 | _a2a ed. | ||
| 260 |
_aBarcelona, Esp. : _bSerres, _c2003. |
||
| 300 |
_a[29] p. : _bil. col. |
||
| 650 | 4 |
_aLiteratura infantil española _95892 |
|
| 650 | 4 |
_aLibros y lectura para niños _92290 |
|
| 905 | _aInfantil | ||
| 999 |
_c170371 _d170371 |
||